000 007060000a22001930004500
090 _aAR
_b00405
245 1 0 _aAspectos ecológicos de la comunidad ictica de cabeza de coral aisladas en la bahía de Neguange (<Caribe Colombia>)
650 1 4 _aEcología de poblaciones
_93557
650 1 4 _aIctiología
_911437
650 1 4 _aPeces
_992349
651 4 _lParque Nacional Tayrona
_dMagdalena
_pColombia
_992749
653 _gPhaeoptix
_ePhaeoptix pigmentaria
653 _gCoryphopterus
_eCoryphopterus personatus
041 0 _aEspañol
700 1 _aAcero P., Arturo
_97522
100 1 _aHerrera A., Oscar
_993346
942 _cARTICULO
773 1 _tTrianea: Acta Científica y Tecnológica
_3159
_h4
_q375-383
_d1991
999 _c9502
_d9502